| 000 | 00412nam a2200157Ia 4500 | ||
|---|---|---|---|
| 005 | 20250329121550.0 | ||
| 008 | 231217s9999 xx 000 0 und d | ||
| 020 | _a9788178815497 | ||
| 082 | _a338.02 JAN;1 R | ||
| 100 | _aJanardhana Rao, N ed. | ||
| 245 | 0 | _aCommodities market : an introduction | |
| 260 |
_c2005 _bIcfai _aHyderabad |
||
| 300 | _avi, 271 | ||
| 650 | _aCommodities,market | ||
| 942 | _cAA | ||
| 999 |
_c189199 _d189199 |
||